[Event "ROM-ch op"]
[Site "Sarata Monteoru"]
[Date "2011.02.17"]
[Round "8"]
[White "Georgescu, Tiberiu Marian"]
[Black "Stanculescu, Claudiu"]
[Result "1-0"]
[WhiteElo "2406"]
[BlackElo "2232"]
[PlyCount "103"]
[EventDate "2011.02.12"]
[EventType "swiss"]
[EventRounds "11"]
[EventCountry "ROU"]
[SourceTitle "CBM 140 Extra"]
[Source "ChessBase"]
[SourceDate "2011.03.01"]
[SourceVersion "1"]
[SourceVersionDate "2011.03.01"]
[SourceQuality "1"]

1. d4 Nf6 2. c4 g6 3. Nc3 d5 4. Nf3 Bg7 5. Qb3 dxc4 6. Qxc4 0-0 7. e4 Na6 8. Be2 Nd7 9. Be3 Nb6 10. Qb3 c5 11. d5 Qd6 12. Nb5 c4 13. Bxc4 Qb4+ 14. Qxb4 Nxb4 15. Bxb6 axb6 16. Kd2 Bg4 17. a3 Rac8 18. Bb3 Na6 19. Nc3 Nc5 20. Bc2 f5 21. exf5 gxf5 22. h3 Bh5 23. Rhe1 Ne4+ 24. Bxe4 Bh6+ 25. Ke2 fxe4 26. Nxe4 Rc2+ 27. Kf1 Rxb2 28. Rab1 Rxb1 29. Rxb1 Bg6 30. Rxb6 Bxe4 31. Rxh6 Bxd5 32. Ng5 Kg7 33. Ne6+ Kxh6 34. Nxf8 Kg7 35. Nd7 Kf7 36. f3 h6 37. Kf2 Ke6 38. Nc5+ Kd6 39. Nd3 Bc4 40. Ke3 Kd5 41. f4 Bb5 42. g4 Bd7 43. Ne5 Bc8 44. h4 b6 45. h5 Ke6 46. Ke4 Kf6 47. Nc4 Bb7+ 48. Ke3 b5 49. Ne5 Bc8 50. Ke4 Ke6 51. Kd4 Kd6 52. g5 1-0

[Event "ROM-ch op"]
[Site "Sarata Monteoru"]
[Date "2011.02.13"]
[Round "2"]
[White "Stanculescu, Claudiu"]
[Black "Parligras, Mircea Emilian"]
[Result "0-1"]
[WhiteElo "2232"]
[BlackElo "2594"]
[PlyCount "44"]
[EventDate "2011.02.12"]
[EventType "swiss"]
[EventRounds "11"]
[EventCountry "ROU"]
[SourceTitle "CBM 140 Extra"]
[Source "ChessBase"]
[SourceDate "2011.03.01"]
[SourceVersion "1"]
[SourceVersionDate "2011.03.01"]
[SourceQuality "1"]

1. e4 c5 2. b4 cxb4 3. a3 Nf6 4. e5 Nd5 5. axb4 d6 6. Bb5+ Bd7 7. e6 fxe6 8. Bd3 Qb6 9. Qh5+ Kd8 10. Ne2 g6 11. Qf3 Bg7 12. Nbc3 Rf8 13. Qg3 Be5 14. f4 Nxf4 15. Rf1 Nxd3+ 16. Qxd3 Rxf1+ 17. Kxf1 Nc6 18. Rb1 Nd4 19. Nxd4 Qxd4 20. Qxd4 Bxd4 21. Ne2 Bf6 22. d3 Ba4 0-1

[Event "ROM-ch"]
[Site "Baile Olanesti"]
[Date "2010.02.05"]
[Round "7"]
[White "Stanculescu, Claudiu"]
[Black "Panainte, Daniel Iulian"]
[Result "1-0"]
[WhiteElo "2229"]
[BlackElo "1902"]
[PlyCount "85"]
[EventDate "2010.01.31"]
[EventType "swiss"]
[EventRounds "9"]
[EventCountry "ROU"]
[SourceTitle "CBM 134 Extra"]
[Source "ChessBase"]
[SourceDate "2010.03.03"]
[SourceVersion "1"]
[SourceVersionDate "2010.03.03"]
[SourceQuality "1"]

1. e4 e6 2. d4 d5 3. Nd2 Nf6 4. e5 Nfd7 5. Bd3 c5 6. c3 Nc6 7. Ne2 Qb6 8. Nf3 Be7 9. 0-0 Nf8 10. Rb1 cxd4 11. cxd4 Nb4 12. Nf4 Nxd3 13. Nxd3 Ng6 14. Be3 Bd7 15. Nc5 Bb5 16. Re1 0-0 17. a4 Bc6 18. b4 Qc7 19. b5 b6 20. Na6 Qb7 21. Qd3 Bd7 22. Bd2 Rfc8 23. Bb4 Rc4 24. Nd2 Bxb4 25. Nxb4 Rcc8 26. g3 Be8 27. f4 Qe7 28. Rf1 Nf8 29. f5 exf5 30. Nxd5 Qe6 31. Ne3 Rd8 32. Ndc4 Ng6 33. Rxf5 Ne7 34. Rh5 g6 35. Rh4 a6 36. Nd6 axb5 37. axb5 Nc8 38. Ne4 Kg7 39. Rxh7+ Kg8 40. Nf6+ Kf8 41. Ned5 Ne7 42. Rh8+ Kg7 43. Qe3 1-0

[Event "ROM-ch"]
[Site "Cluj"]
[Date "2008.03.01"]
[Round "8"]
[White "Stanculescu, Claudiu"]
[Black "Breahna, Radu"]
[Result "0-1"]
[WhiteElo "2219"]
[BlackElo "2294"]
[PlyCount "68"]
[EventDate "2008.02.25"]
[EventType "swiss"]
[EventRounds "9"]
[EventCountry "ROU"]
[SourceTitle "CBM 123 Extra"]
[Source "ChessBase"]
[SourceDate "2008.05.06"]
[SourceVersion "1"]
[SourceVersionDate "2008.05.06"]
[SourceQuality "1"]

1. e4 c5 2. Nf3 d6 3. d4 Nf6 4. Nc3 cxd4 5. Nxd4 Nc6 6. Bg5 Bd7 7. Qd2 Rc8 8. 0-0-0 Nxd4 9. Qxd4 Qa5 10. Be3 a6 11. f3 g6 12. Bc4 Bg7 13. Nd5 Be6 14. Bd2 Qa4 15. b3 Qxa2 16. Bc3 Bxd5 17. exd5 b5 18. Kd2 Qa3 19. Ra1 Qc5 20. Qxc5 Rxc5 21. Bd4 Ne4+ 22. Ke3 Bxd4+ 23. Kxd4 Nf6 24. Rxa6 0-0 25. Bd3 Nxd5 26. f4 Nxf4 27. b4 Re5 28. c4 Rc8 29. Rc1 Ne6+ 30. Kc3 bxc4 31. Bf1 Nc7 32. Ra5 Nd5+ 33. Kd4 Nxb4 34. Rxe5 Nc6+ 0-1

[Event "ROM-ch"]
[Site "Cluj"]
[Date "2008.02.28"]
[Round "5"]
[White "Berescu, Alin Mile"]
[Black "Stanculescu, Claudiu"]
[Result "1-0"]
[WhiteElo "2498"]
[BlackElo "2219"]
[PlyCount "43"]
[EventDate "2008.02.25"]
[EventType "swiss"]
[EventRounds "9"]
[EventCountry "ROU"]
[SourceTitle "CBM 123 Extra"]
[Source "ChessBase"]
[SourceDate "2008.05.06"]
[SourceVersion "1"]
[SourceVersionDate "2008.05.06"]
[SourceQuality "1"]

1. e4 c5 2. Nf3 Nc6 3. Nc3 e6 4. d4 cxd4 5. Nxd4 Nf6 6. Nxc6 dxc6 7. Qxd8+ Kxd8 8. Bg5 e5 9. 0-0-0+ Kc7 10. f4 Bg4 11. Rd2 Bb4 12. Bxf6 gxf6 13. f5 Rag8 14. h3 Bh5 15. g4 Bxg4 16. hxg4 Rxg4 17. Bc4 h5 18. Be2 Rg5 19. Rd3 h4 20. Rdh3 Rg2 21. Bf3 Rg7 22. Rxh4 1-0

[Event "ROM-ch"]
[Site "Cluj"]
[Date "2008.02.25"]
[Round "1"]
[White "Ardelean, George Catalin"]
[Black "Stanculescu, Claudiu"]
[Result "1-0"]
[WhiteElo "2475"]
[BlackElo "2219"]
[PlyCount "45"]
[EventDate "2008.02.25"]
[EventType "swiss"]
[EventRounds "9"]
[EventCountry "ROU"]
[SourceTitle "CBM 123 Extra"]
[Source "ChessBase"]
[SourceDate "2008.05.06"]
[SourceVersion "1"]
[SourceVersionDate "2008.05.06"]
[SourceQuality "1"]

1. e4 c5 2. Nf3 Nc6 3. d4 cxd4 4. Nxd4 Nf6 5. Nc3 e5 6. Ndb5 d6 7. Bg5 a6 8. Na3 b5 9. Bxf6 gxf6 10. Nd5 f5 11. Bd3 Be6 12. c3 Bg7 13. Nxb5 axb5 14. Bxb5 Bd7 15. exf5 0-0 16. 0-0 Rb8 17. a4 Re8 18. Qg4 Kh8 19. Qe4 Bh6 20. Rfd1 Rxb5 21. axb5 Ne7 22. Nxe7 Qxe7 23. Ra7 1-0

[Event "ROM-ch"]
[Site "Amara"]
[Date "2007.02.23"]
[Round "9"]
[White "Stanculescu, Claudiu"]
[Black "Marin, Constantin"]
[Result "1-0"]
[WhiteElo "2207"]
[BlackElo "2025"]
[PlyCount "63"]
[EventDate "2007.02.16"]
[EventType "swiss"]
[EventRounds "9"]
[EventCountry "ROU"]
[SourceTitle "CBM 117 Extra"]
[Source "ChessBase"]
[SourceDate "2007.05.09"]
[SourceVersion "1"]
[SourceVersionDate "2007.05.09"]
[SourceQuality "1"]

1. e4 e5 2. Nf3 Nf6 3. d4 exd4 4. e5 Bb4+ 5. c3 dxc3 6. bxc3 Be7 7. exf6 Bxf6 8. Qe2+ Be7 9. Bg5 Nc6 10. Bxe7 Nxe7 11. Qc2 0-0 12. Bd3 g6 13. 0-0 d6 14. Nbd2 Bd7 15. Rfe1 Nc6 16. h3 Qf6 17. Ne4 Qg7 18. Rab1 Rab8 19. c4 Ne5 20. Nxe5 Qxe5 21. Qc3 Qxc3 22. Nxc3 c6 23. Ne4 Be6 24. Nxd6 Rfd8 25. c5 Bxa2 26. Ra1 Be6 27. Rxa7 b6 28. Bc4 Rxd6 29. cxd6 Bxc4 30. d7 Be6 31. Rxe6 fxe6 32. Rc7 1-0

[Event "ROM-ch"]
[Site "Amara"]
[Date "2007.02.17"]
[Round "3"]
[White "Stanculescu, Claudiu"]
[Black "Voiculescu, Florin"]
[Result "1-0"]
[WhiteElo "2207"]
[BlackElo "1956"]
[PlyCount "45"]
[EventDate "2007.02.16"]
[EventType "swiss"]
[EventRounds "9"]
[EventCountry "ROU"]
[SourceTitle "CBM 117 Extra"]
[Source "ChessBase"]
[SourceDate "2007.05.09"]
[SourceVersion "1"]
[SourceVersionDate "2007.05.09"]
[SourceQuality "1"]

1. e4 c5 2. Nf3 Nc6 3. d4 cxd4 4. Nxd4 g6 5. Nxc6 bxc6 6. Qd4 Nf6 7. e5 Ng8 8. Bd2 Bg7 9. Bc3 Nh6 10. Bd3 0-0 11. Nd2 d5 12. Qc5 Qc7 13. f4 Be6 14. 0-0-0 a5 15. b3 f6 16. exf6 Bxf6 17. Bxf6 Rxf6 18. g3 Qd6 19. Qf2 c5 20. Ne4 Qb6 21. Qxc5 Qxc5 22. Nxc5 Nf7 23. Rhe1 1-0

[Event "ROM-ch"]
[Site "Predeal"]
[Date "2006.12.04"]
[Round "8"]
[White "Stanculescu, Claudiu"]
[Black "Epure, Catalin Alexandru"]
[Result "1/2-1/2"]
[WhiteElo "2229"]
[BlackElo "2111"]
[PlyCount "39"]
[EventDate "2006.11.27"]
[EventType "swiss"]
[EventRounds "11"]
[EventCountry "ROU"]
[SourceTitle "CBM 115 Extra"]
[Source "ChessBase"]
[SourceDate "2007.01.10"]
[SourceVersion "1"]
[SourceVersionDate "2007.01.10"]
[SourceQuality "1"]

1. e4 c5 2. Nf3 Nf6 3. Nc3 Nc6 4. d4 d5 5. exd5 Nxd5 6. Bc4 Nxc3 7. bxc3 e6 8. 0-0 Be7 9. Rb1 0-0 10. Ba3 cxd4 11. Bxe7 Qxe7 12. cxd4 Rd8 13. c3 b6 14. Qe2 Bb7 15. Bd3 Rac8 16. Qe4 g6 17. Qe3 Na5 18. Rfc1 Bd5 19. Rb5 Bxf3 20. Qxf3 1/2-1/2

[Event "ROM-ch"]
[Site "Predeal"]
[Date "2006.12.03"]
[Round "7"]
[White "Cioara, Andrei Nestor"]
[Black "Stanculescu, Claudiu"]
[Result "1-0"]
[WhiteElo "2419"]
[BlackElo "2229"]
[PlyCount "89"]
[EventDate "2006.11.27"]
[EventType "swiss"]
[EventRounds "11"]
[EventCountry "ROU"]
[SourceTitle "CBM 115 Extra"]
[Source "ChessBase"]
[SourceDate "2007.01.10"]
[SourceVersion "1"]
[SourceVersionDate "2007.01.10"]
[SourceQuality "1"]

1. d4 Nf6 2. Nf3 g6 3. g3 Bg7 4. Bg2 0-0 5. 0-0 d5 6. Nbd2 c5 7. dxc5 Na6 8. Nb3 Ne4 9. Ne1 e5 10. Nd3 Bf5 11. f3 Ng5 12. h4 Bxd3 13. Bxg5 f6 14. Qxd3 fxg5 15. hxg5 Rc8 16. Rad1 Nxc5 17. Qxd5+ Qxd5 18. Rxd5 Nxb3 19. cxb3 Rc2 20. e4 h6 21. Bh3 hxg5 22. Be6+ Kh8 23. Rf2 Rc1+ 24. Kg2 Rc7 25. Rfd2 Rf6 26. Rd8+ Bf8 27. Bc4 Kg7 28. R2d7+ Rxd7 29. Rxd7+ Kh6 30. Kh3 b5 31. Bg8 Bg7 32. Kg4 a6 33. b4 Rf8 34. Bd5 Rf6 35. a3 Rb6 36. Ra7 Rd6 37. Ra8 Rb6 38. Rc8 Bf6 39. Rc7 Rd6 40. Bg8 Bg7 41. b3 Rb6 42. Ra7 Rd6 43. a4 bxa4 44. bxa4 a5 45. b5 1-0

[Event "ROM-ch"]
[Site "Predeal"]
[Date "2006.12.01"]
[Round "5"]
[White "Valeanu, Eduard Andrei"]
[Black "Stanculescu, Claudiu"]
[Result "1-0"]
[WhiteElo "2361"]
[BlackElo "2229"]
[PlyCount "91"]
[EventDate "2006.11.27"]
[EventType "swiss"]
[EventRounds "11"]
[EventCountry "ROU"]
[SourceTitle "CBM 115 Extra"]
[Source "ChessBase"]
[SourceDate "2007.01.10"]
[SourceVersion "1"]
[SourceVersionDate "2007.01.10"]
[SourceQuality "1"]

1. e4 c5 2. Nf3 Nc6 3. Bb5 g6 4. Bxc6 bxc6 5. 0-0 Bg7 6. Re1 f6 7. c3 Nh6 8. d4 cxd4 9. cxd4 Nf7 10. b3 0-0 11. Bb2 e5 12. Nbd2 d5 13. Qc2 dxe4 14. Qxe4 Nd6 15. Qe2 e4 16. Nxe4 Re8 17. Qc2 Rxe4 18. Rxe4 Bf5 19. Nd2 Bh6 20. f3 Be3+ 21. Kh1 Bxd2 22. Qxd2 Bxe4 23. fxe4 Nxe4 24. Qc2 Qd5 25. Rc1 Re8 26. Kg1 Re6 27. Qc4 Qf5 28. Qf1 Qg5 29. Qd3 Qf4 30. Rf1 Qd6 31. Bc1 Qb4 32. a3 Qc3 33. Rd1 Qxd3 34. Rxd3 Rd6 35. Kf1 Kf7 36. Ke2 Ke6 37. Bb2 f5 38. Bc1 Kd5 39. Bf4 Re6 40. Be5 a6 41. Kf3 Re7 42. h4 Rb7 43. Kf4 h6 44. h5 gxh5 45. Kxf5 Rf7+ 46. Kg6 1-0

[Event "ROM-ch"]
[Site "Predeal"]
[Date "2006.11.30"]
[Round "4"]
[White "Stanculescu, Claudiu"]
[Black "Bonte, Andrei Mihai"]
[Result "1-0"]
[WhiteElo "2229"]
[BlackElo "2223"]
[PlyCount "95"]
[EventDate "2006.11.27"]
[EventType "swiss"]
[EventRounds "11"]
[EventCountry "ROU"]
[SourceTitle "CBM 115 Extra"]
[Source "ChessBase"]
[SourceDate "2007.01.10"]
[SourceVersion "1"]
[SourceVersionDate "2007.01.10"]
[SourceQuality "1"]

1. e4 e5 2. Nf3 Nc6 3. d4 exd4 4. Nxd4 Bc5 5. Nxc6 Qf6 6. Qf3 Qxf3 7. gxf3 dxc6 8. Be3 Bxe3 9. fxe3 f5 10. exf5 Bxf5 11. e4 Be6 12. Rg1 g6 13. Nd2 Rd8 14. b3 Nf6 15. Bc4 Ke7 16. Bxe6 Kxe6 17. Nc4 b6 18. Nb2 Nh5 19. Ke2 Rd7 20. Ke3 Rf8 21. Nd3 c5 22. Raf1 c4 23. bxc4 c5 24. c3 Rfd8 25. Rd1 Kf6 26. Nf2 Rxd1 27. Nxd1 g5 28. Nf2 Nf4 29. a4 Rd7 30. h4 h6 31. hxg5+ hxg5 32. Ng4+ Ke6 33. Ne5 Kxe5 34. Rxg5+ Ke6 35. Kxf4 Rd3 36. a5 Rxc3 37. axb6 axb6 38. Rg6+ Kd7 39. Rxb6 Rxc4 40. Ke5 Rd4 41. f4 Rd1 42. f5 c4 43. Rb4 c3 44. Rc4 Rc1 45. Kf6 Re1 46. e5 Re3 47. e6+ Kd6 48. Rc8 1-0

[Event "Predeal op"]
[Site "Predeal"]
[Date "2006.08.16"]
[Round "7"]
[White "Thesing, Matthias"]
[Black "Stanculescu, Claudiu"]
[Result "1-0"]
[WhiteElo "2401"]
[BlackElo "2229"]
[PlyCount "87"]
[EventDate "2006.08.12"]
[EventType "swiss"]
[EventRounds "9"]
[EventCountry "ROU"]
[SourceTitle "CBM 113 Extra"]
[Source "ChessBase"]
[SourceDate "2006.09.14"]
[SourceVersion "1"]
[SourceVersionDate "2006.09.14"]
[SourceQuality "1"]

1. e4 c5 2. Nc3 e6 3. Nf3 Nc6 4. d4 cxd4 5. Nxd4 Nf6 6. Ndb5 d6 7. Bf4 e5 8. Bg5 a6 9. Na3 b5 10. Nd5 Be7 11. Bxf6 Bxf6 12. c4 b4 13. Nc2 Rb8 14. b3 Bg5 15. g3 0-0 16. h4 Bh6 17. Bh3 Be6 18. Kf1 Qd7 19. Kg2 Bxh3+ 20. Rxh3 f5 21. exf5 Qxf5 22. Qe2 Rbe8 23. g4 Nd4 24. Nxd4 exd4 25. gxf5 Rxe2 26. Nxb4 a5 27. Nc6 Rxf5 28. Rf3 Rxf3 29. Kxf3 d3 30. b4 Rc2 31. Nxa5 d2 32. Rd1 Rxa2 33. Ke4 Rb2 34. b5 Ra2 35. Nb3 Rb2 36. Nd4 Rb4 37. Kd3 Kf7 38. Nc6 Rb3+ 39. Kc2 Ra3 40. b6 Ra6 41. b7 Rxc6 42. b8Q Rxc4+ 43. Kd3 Rc1 44. Ke2 1-0

[Event "Galati Grand Prix op"]
[Site "Galati"]
[Date "2006.04.26"]
[Round "1"]
[White "Stanculescu, Claudiu"]
[Black "Murariu, Andrei"]
[Result "0-1"]
[WhiteElo "2214"]
[BlackElo "2474"]
[PlyCount "84"]
[EventDate "2006.04.26"]
[EventType "swiss"]
[EventRounds "9"]
[EventCountry "ROU"]
[SourceTitle "EXT 2007"]
[Source "ChessBase"]
[SourceDate "2006.11.23"]
[SourceVersion "1"]
[SourceVersionDate "2006.11.23"]
[SourceQuality "1"]

1. e4 c5 2. Nf3 Nc6 3. d4 cxd4 4. Nxd4 Nf6 5. Nc3 d6 6. Bg5 Bd7 7. Qd2 Rc8 8. 0-0-0 Nxd4 9. Qxd4 Qa5 10. Bxf6 gxf6 11. f4 h5 12. Kb1 Qc5 13. Qxc5 Rxc5 14. Rd5 a6 15. Rxc5 dxc5 16. Bc4 e6 17. Be2 Bd6 18. g3 h4 19. Bf3 Bc7 20. e5 fxe5 21. fxe5 Bxe5 22. Bxb7 Ke7 23. Kc1 hxg3 24. hxg3 Rxh1+ 25. Bxh1 Bxg3 26. Ne4 Bf4+ 27. Kd1 Bc6 28. Nf2 Bxh1 29. Nxh1 f5 30. Ke2 e5 31. Nf2 e4 32. Nd1 Ke6 33. Nc3 Bd6 34. b3 Ke5 35. Na4 f4 36. c3 f3+ 37. Ke3 Be7 38. Nb6 Bg5+ 39. Kf2 Kf4 40. Nd5+ Kg4 41. b4 cxb4 42. cxb4 e3+ 0-1

[Event "Ploiesti TC IND Cup op"]
[Site "Ploiesti"]
[Date "2002.09.21"]
[Round "4"]
[White "Adoamnei, Roxana Antonela"]
[Black "Stanculescu, Claudiu"]
[Result "1-0"]
[WhiteElo "2071"]
[BlackElo "2084"]
[PlyCount "57"]
[EventDate "2002.09.14"]
[EventType "swiss"]
[EventRounds "11"]
[EventCountry "ROU"]
[SourceTitle "EXT 2003"]
[Source "ChessBase"]
[SourceDate "2002.11.25"]
[SourceVersion "1"]
[SourceVersionDate "2002.11.25"]
[SourceQuality "1"]

1. c4 d5 2. cxd5 Qxd5 3. Nc3 Qa5 4. Nf3 Nf6 5. d3 c5 6. Bd2 e6 7. Nd5 Qd8 8. Nxf6+ gxf6 9. Bc3 e5 10. a4 Nc6 11. e3 Bg4 12. h3 Be6 13. Be2 Rg8 14. g3 Qd7 15. h4 0-0-0 16. Qc2 Kb8 17. Nd2 f5 18. Nc4 Bg7 19. a5 f4 20. gxf4 exf4 21. Qa4 fxe3 22. fxe3 Bg4 23. Nb6 Bxc3+ 24. bxc3 axb6 25. axb6 Kc8 26. Qf4 Qd6 27. Bxg4+ Kb8 28. Qa4 Qg3+ 29. Kf1 1-0

[Event "Ploiesti TC IND Cup op"]
[Site "Ploiesti"]
[Date "2002.09.14"]
[Round "1"]
[White "Stanculescu, Claudiu"]
[Black "Pepene, Gheorghe"]
[Result "1/2-1/2"]
[WhiteElo "2084"]
[BlackElo "2113"]
[PlyCount "105"]
[EventDate "2002.09.14"]
[EventType "swiss"]
[EventRounds "11"]
[EventCountry "ROU"]
[SourceTitle "EXT 2003"]
[Source "ChessBase"]
[SourceDate "2002.11.25"]
[SourceVersion "1"]
[SourceVersionDate "2002.11.25"]
[SourceQuality "1"]

1. e4 c5 2. Nf3 Nc6 3. d4 cxd4 4. Nxd4 Nf6 5. Nc3 e5 6. Ndb5 d6 7. Bg5 a6 8. Bxf6 gxf6 9. Na3 b5 10. Nd5 f5 11. Bd3 Be6 12. Qh5 Rg8 13. g3 h6 14. c3 Rc8 15. Nc2 Rg4 16. Nce3 Rxe4 17. Bxe4 fxe4 18. f3 exf3 19. Qxf3 Bg7 20. 0-0 Ne7 21. Rad1 Nxd5 22. Nxd5 Rc4 23. Ne3 Qb6 24. Kg2 Rc8 25. Nf5 Bf8 26. Ne3 Qc6 27. Nd5 f5 28. Ne3 Qxf3+ 29. Rxf3 Bxa2 30. Nxf5 Kd7 31. Ne3 Bb3 32. Ra1 Ra8 33. g4 Ke6 34. Kg3 d5 35. Raf1 Bd6 36. Rf6+ Kd7 37. Nf5 Bc7 38. Rf7+ Kc6 39. Nxh6 d4 40. R7f6+ Kb7 41. cxd4 exd4+ 42. Kf2 Bxh2 43. Re1 Rd8 44. Re7+ Bc7 45. Ke2 d3+ 46. Kd2 Kb8 47. Rxc7 Kxc7 48. Rxa6 Bc4 49. Rf6 Re8 50. Rf2 Re5 51. Nf5 Kd7 52. Ne3 Kd6 53. Rf4 1/2-1/2

[Event "ROM-ch U18"]
[Site "Sovata"]
[Date "2002.04.27"]
[Round "4"]
[White "Marcu, Alin"]
[Black "Stanculescu, Claudiu"]
[Result "1-0"]
[WhiteElo "2044"]
[BlackElo "2167"]
[PlyCount "53"]
[EventDate "2002.04.24"]
[EventType "tourn"]
[EventRounds "11"]
[EventCountry "ROU"]
[SourceTitle "EXT 2008"]
[Source "ChessBase"]
[SourceDate "2007.11.25"]
[SourceVersion "1"]
[SourceVersionDate "2007.11.25"]
[SourceQuality "1"]

1. e4 e5 2. Nf3 Nc6 3. Bc4 Be7 4. d4 d6 5. dxe5 dxe5 6. Qxd8+ Bxd8 7. Nc3 Nf6 8. Be3 a6 9. 0-0 Be7 10. a3 0-0 11. Rad1 Bg4 12. Rd3 Bxf3 13. gxf3 Bd6 14. Ne2 Nh5 15. Ng3 Nf4 16. Rd2 b5 17. Ba2 g6 18. Rfd1 Kh8 19. Ne2 g5 20. Ng3 Ne7 21. c4 bxc4 22. Bxc4 f5 23. Kh1 Nh3 24. exf5 h6 25. Be6 Kg7 26. f6+ Rxf6 27. Nh5+ 1-0

[Event "ROM-ch U18 sf"]
[Site "Buzias"]
[Date "2002.03.??"]
[Round "3"]
[White "Balla, Tamas Kristof"]
[Black "Stanculescu, Claudiu"]
[Result "1-0"]
[WhiteElo "2136"]
[BlackElo "2096"]
[PlyCount "145"]
[EventDate "2002.03.18"]
[EventType "swiss"]
[EventRounds "9"]
[EventCountry "ROU"]
[SourceTitle "EXT 2008"]
[Source "ChessBase"]
[SourceDate "2007.11.25"]
[SourceVersion "1"]
[SourceVersionDate "2007.11.25"]
[SourceQuality "1"]

1. d4 d5 2. c4 e6 3. Nc3 Nf6 4. Nf3 Nbd7 5. Bg5 Be7 6. e3 a6 7. cxd5 Nxd5 8. Nxd5 Bxg5 9. Nxg5 exd5 10. Nf3 c6 11. Bd3 0-0 12. Qc2 h6 13. 0-0 Qe7 14. Rfb1 c5 15. dxc5 Nxc5 16. Rc1 Nxd3 17. Qxd3 Be6 18. Rc3 Rac8 19. Rac1 Rxc3 20. Rxc3 Qd7 21. Qc2 Rc8 22. Rxc8+ Qxc8 23. Qxc8+ Bxc8 24. Kf1 Kf8 25. Ke1 Ke7 26. Kd2 Kd6 27. Kc3 Bd7 28. Kd4 f6 29. Nd2 f5 30. Nb3 b6 31. Na1 Ba4 32. b3 Bd7 33. Nc2 a5 34. Ne1 Bb5 35. Nf3 Be8 36. Nh4 Ke6 37. Nf3 Kd6 38. Ne5 Bb5 39. Ng6 Be8 40. Nf4 Bf7 41. h3 g5 42. Nd3 Be6 43. Ne5 h5 44. h4 gxh4 45. Ng6 f4 46. Nxf4 Bf7 47. a3 Kc6 48. Nh3 Bg6 49. Ng5 Bc2 50. b4 axb4 51. axb4 Kb5 52. Kc3 Bd1 53. Ne6 Bg4 54. Nf4 Kc6 55. Kd4 Kd6 56. f3 Bd7 57. Nxh5 Be6 58. Nf4 Bf7 59. Nh3 Be6 60. Ng5 Bf5 61. e4 dxe4 62. fxe4 Bg4 63. e5+ Kc6 64. Nh3 Be6 65. Nf4 Bg4 66. Kc4 Bf5 67. b5+ Kd7 68. Kd5 Bg4 69. e6+ Kc7 70. Ke5 Kd8 71. Kd6 Bf5 72. Nd5 Be4 73. e7+ 1-0

[Event "ROM-ch U18 sf"]
[Site "Buzias"]
[Date "2002.03.??"]
[Round "?"]
[White "Stanculescu, Claudiu"]
[Black "Baratosi, Daniel"]
[Result "1/2-1/2"]
[WhiteElo "2096"]
[BlackElo "2140"]
[PlyCount "61"]
[EventDate "2002.03.18"]
[EventType "swiss"]
[EventRounds "9"]
[EventCountry "ROU"]
[SourceTitle "EXT 2008"]
[Source "ChessBase"]
[SourceDate "2007.11.25"]
[SourceVersion "1"]
[SourceVersionDate "2007.11.25"]
[SourceQuality "1"]

1. e4 c5 2. Nf3 e6 3. d4 cxd4 4. Nxd4 a6 5. Nc3 Qc7 6. Bd3 Nc6 7. Nxc6 Qxc6 8. 0-0 b5 9. Qe2 Bb7 10. f4 h5 11. f5 Nf6 12. Bg5 b4 13. Bxf6 gxf6 14. Nd5 Qc5+ 15. Ne3 Bh6 16. Rae1 e5 17. Kh1 Bxe3 18. Qxe3 Rc8 19. Qe2 Ke7 20. Rd1 a5 21. Rd2 Bc6 22. Rfd1 h4 23. h3 Rcg8 24. Bc4 Rg3 25. Rd3 Rhg8 26. Rxg3 Rxg3 27. Rd3 Rxd3 28. Bxd3 d5 29. Qe1 dxe4 30. Bxe4 Bxe4 31. Qxe4 1/2-1/2

[Event "ROM-ch U18 sf"]
[Site "Buzias"]
[Date "2002.03.??"]
[Round "?"]
[White "Stanculescu, Claudiu"]
[Black "Dobre, Claudiu Cristian"]
[Result "1-0"]
[WhiteElo "2096"]
[BlackElo "2083"]
[PlyCount "80"]
[EventDate "2002.03.18"]
[EventType "swiss"]
[EventRounds "9"]
[EventCountry "ROU"]
[SourceTitle "EXT 2008"]
[Source "ChessBase"]
[SourceDate "2007.11.25"]
[SourceVersion "1"]
[SourceVersionDate "2007.11.25"]
[SourceQuality "1"]

1. e4 e5 2. Nf3 Nf6 3. Nc3 Nc6 4. d4 exd4 5. Nxd4 Bb4 6. Nxc6 bxc6 7. Bd3 0-0 8. 0-0 d5 9. exd5 cxd5 10. Bg5 c6 11. Qf3 Be7 12. h3 h6 13. Bh4 Qb6 14. Rae1 Qb4 15. g4 Be6 16. a3 Qa5 17. g5 hxg5 18. Bxg5 Rfe8 19. Kh1 Kf8 20. Rg1 Qd8 21. Ne2 Ng8 22. Nf4 Bf6 23. Bg6 Re7 24. Bh7 Re8 25. Nxe6+ fxe6 26. Bxg8 e5 27. Bxf6 Qxf6 28. Qxf6+ gxf6 29. Bh7 Ke7 30. Bf5 Kd6 31. Rg7 e4 32. f4 exf3 33. Rd7+ Kc5 34. Rde7 f2 35. Rxe8 Rxe8 36. Rf1 Re1 37. Kg2 Kd4 38. Kxf2 Re5 39. Bd3 Re3 40. Kg2 Re6 1-0

[Event "ROM-ch sf"]
[Site "Sovata"]
[Date "2001.03.18"]
[Round "11"]
[White "Ionescu, Mihai"]
[Black "Stanculescu, Claudiu"]
[Result "1/2-1/2"]
[WhiteElo "2338"]
[BlackElo "2138"]
[PlyCount "28"]
[EventDate "2001.03.10"]
[EventType "swiss"]
[EventRounds "11"]
[EventCountry "ROU"]
[SourceTitle "EXT 2008"]
[Source "ChessBase"]
[SourceDate "2007.11.25"]
[SourceVersion "1"]
[SourceVersionDate "2007.11.25"]
[SourceQuality "1"]

1. Nf3 Nf6 2. c4 e6 3. Nc3 d5 4. d4 c6 5. Bg5 Nbd7 6. e3 Qa5 7. Qc2 Ne4 8. cxd5 exd5 9. Bd3 Nxg5 10. Nxg5 h6 11. Nf3 Bd6 12. 0-0 Nf6 13. Ne5 Bxe5 14. dxe5 Ng4 1/2-1/2

[Event "ROM-ch sf U18"]
[Site "Eforie Nord"]
[Date "2001.??.??"]
[Round "?"]
[White "Pachia, Mihai"]
[Black "Stanculescu, Claudiu"]
[Result "1/2-1/2"]
[WhiteElo "1869"]
[BlackElo "2138"]
[PlyCount "50"]
[EventDate "2001.01.28"]
[EventType "swiss"]
[EventRounds "9"]
[EventCountry "ROU"]
[SourceTitle "EXT 2004"]
[Source "ChessBase"]
[SourceDate "2003.11.25"]
[SourceVersion "1"]
[SourceVersionDate "2003.11.25"]
[SourceQuality "1"]

1. e4 e5 2. Nf3 Nc6 3. Bb5 a6 4. Ba4 Nf6 5. Qe2 b5 6. Bb3 Bc5 7. c3 0-0 8. 0-0 d6 9. h3 Be6 10. d3 Bxb3 11. axb3 d5 12. Nbd2 d4 13. b4 Bb6 14. Nb3 Qd6 15. Rd1 Rfe8 16. Ne1 a5 17. bxa5 Bxa5 18. Nxa5 Rxa5 19. Rxa5 Nxa5 20. b4 Nc6 21. Bb2 dxc3 22. Bxc3 Nxb4 23. Qb2 Nc6 24. Qxb5 Rb8 25. Qc4 Nb4 1/2-1/2